|
|
|
|
| LEADER |
00000cam a2200000 7i4500 |
| 001 |
0000005201 |
| 002 |
000005621 |
| 005 |
20090731.0 |
| 020 |
|
|
|a 0395517443
|
| 090 |
0 |
0 |
|a 941.082
|b BLO
|
| 245 |
0 |
0 |
|a Blood,toil,tears and sweat :
|b the seeches of Winston Churchill
|c edited and with an introduction by David Cannadine
|
| 260 |
|
|
|a Massachusetts :
|b Honghton Mefflin ,
|c 1989
|
| 300 |
|
|
|a 355p. :
|b ill. ;
|c 23cm.
|
| 600 |
0 |
0 |
|a Churchill, Winston ,
|c Sir Addveses and essays
|
| 651 |
|
0 |
|a Great Britain
|x Politics and government
|y 20th century
|
| 700 |
0 |
|
|a Cannadine, Dateid
|
| 999 |
|
|
|a 031557
|b BUKU
|c RUJUKAN
|e PERPUSTAKAAN KOMUNITI PETALING JAYA
|
| 999 |
|
|
|a 031558
|b BUKU
|c PINJAMAN
|e PERPUSTAKAAN KOMUNITI PETALING JAYA
|
| 999 |
|
|
|a 058005
|b BUKU
|c PINJAMAN
|e PERPUSTAKAAN KOMUNITI PETALING JAYA
|